000 01706nam a2200241Ia 4500
008 260220t1969||||xx |||||||||||||| ||spa||
040 _aPY-SlUNAC
_bspa
_erda
041 _aspa
082 _a512
_bG589a
100 _aGonzález, Mancill
_eAutor
245 0 _aRespuestas a los ejercicios propuestos /
_cpor Mancill González [Autor]
264 _aBuenos Aires :
_bKapelusz,
_c℗1969.
300 _a1 volumen
520 _aEl libro "Respuestas a los ejercicios propuestos" de González y Mancill, publicado en 1969 por Kapelusz en Buenos Aires, se presenta como una guía complementaria para estudiantes en el ámbito de las matemáticas. Su objetivo principal es ofrecer soluciones detalladas a los ejercicios planteados en textos académicos previos, facilitando así una comprensión más profunda de los conceptos matemáticos abordados. A lo largo de sus páginas, los autores desglosan paso a paso las metodologías necesarias para resolver problemas, lo que permite a los lectores afianzar sus conocimientos y habilidades. Además, el texto enfatiza la importancia de la práctica en el aprendizaje de las matemáticas, al proporcionar una variedad de ejemplos que abarcan diferentes niveles de dificultad. A través de un enfoque didáctico, los autores buscan no solo resolver ejercicios, sino también fomentar el pensamiento crítico y analítico en los estudiantes, contribuyendo así a su formación integral en esta disciplina esencial.
653 _aEducación
653 _aEjercicios
653 _aMatemáticas
942 _b2026/02/17
_cBK
999 _c7456
_d7456